Luminous harmony : Indian art and culture (Record no. 5590)

MARC details
000 -LEADER
fixed length control field 00504 a2200169 4500
001 - CONTROL NUMBER
control field 131052
003 - CONTROL NUMBER IDENTIFIER
control field OSt
005 - DATE AND TIME OF LATEST TRANSACTION
control field 20210907125558.0
008 - FIXED-LENGTH DATA ELEMENTS--GENERAL INFORMATION
fixed length control field
082 ## - DEWEY DECIMAL CLASSIFICATION NUMBER
Classification number 700.954
Item number B22L
100 1# - MAIN ENTRY--PERSONAL NAME
Personal name Banerjee, Utpal K.
245 1# - TITLE STATEMENT
Title Luminous harmony : Indian art and culture
Statement of responsibility, etc by Utpal K. Banerjee
260 ## - PUBLICATION, DISTRIBUTION, ETC. (IMPRINT)
Place of publication, distribution, etc Delhi
Name of publisher, distributor, etc Niyogi books
Date of publication, distribution, etc 2011
300 ## - PHYSICAL DESCRIPTION
Extent 232p.
690 ## - LOCAL SUBJECT ADDED ENTRY--TOPICAL TERM (OCLC, RLIN)
Topical term or geographic name as entry element India; Arts, Indic; Civilization; Culture in art; Arts and society; Goddesses in art
942 ## - ADDED ENTRY ELEMENTS (KOHA)
Source of classification or shelving scheme Dewey Decimal Classification
Koha item type Books
Holdings
Withdrawn status Lost status Source of classification or shelving scheme Damaged status Not for loan Collection code Home library Current library Date acquired Source of acquisition Cost, normal purchase price Total Checkouts Full call number Barcode Date last seen Date checked out Price effective from Koha item type
    Dewey Decimal Classification     General Text Book Central University Of Rajasthan Central University Of Rajasthan 08/06/2012 ARC 2495.00 1 700.954 B22L 7127 21/11/2024 07/03/2024 02/09/2020 Books